The complete guide to psychic development : 100 ... Read More
Record details
- ISBN: 1580911501
- Physical Description: 338 p. : ill. ; 23 cm.
- Publisher: Berkeley, Calif. : Crossing Press, c2003.
Content descriptions
| General Note: | Originally published: London : Judy Piatkus Publishers, 1997. |
| Bibliography, etc. Note: | Includes bibliographical references (p. 329-332) ... Read More |
| Formatted Contents Note: | Developing your psychic powers -- Developing your ... Read More |
Search for related items by subject
| Subject: | Psychic ability > Problems, exercises, etc. |
| LDR | 01184pam a22002654a 4500 | ||
|---|---|---|---|
| 001 | 90218 | ||
| 003 | LARL_NWRL_CONSORTIUM | ||
| 005 | 20030904150435.0 | ||
| 008 | 030107r20031997caua b 001 0 eng | ||
| 010 | . | ‡a2003000156 | |
| 020 | . | ‡a1580911501 | |
| 040 | . | ‡aDLC ‡cDLC | |
| 042 | . | ‡apcc | |
| 092 | 0 | . | ‡a133.8 ‡bEa76c |
| 100 | 1 | . | ‡aEason, Cassandra. ‡0(LARL_NWRL_CONSORTIUM)111055 |
| 245 | 1 | 4. | ‡aThe complete guide to psychic development : ‡b100 ways to tap into your psychic potential / ‡cCassandra Eason. |
| 246 | 3 | 0. | ‡aPsychic development |
| 260 | . | ‡aBerkeley, Calif. : ‡bCrossing Press, ‡cc2003. | |
| 300 | . | ‡a338 p. : ‡bill. ; ‡c23 cm. | |
| 500 | . | ‡aOriginally published: London : Judy Piatkus Publishers, 1997. | |
| 504 | . | ‡aIncludes bibliographical references (p. 329-332) and index. | |
| 505 | 0 | . | ‡aDeveloping your psychic powers -- Developing your existing powers -- Divination -- Harnessing natural energies -- Ritual magic -- Magic alphabets and charms -- Other dimensions-- Healing. |
| 650 | 0. | ‡aPsychic ability ‡vProblems, exercises, etc. | |
| 901 | . | ‡a90218 ‡bISxN ‡c90218 ‡tbiblio | |

Add to basket
Permalink
Disable Highlighting